ბათუმის შოთა რუსთაველის სახელმწიფო უნივერსიტეტის ბიბლიოთეკა

იბერიულ-კავკასიური ენათმეცნიერება XV иберийско-кавказкое языкознание=IVERO-CAUCASIA (ბიბ.ჩანაწერი № 52391)

000 -LEADER
fixed length control field 01567nam a2200217Ia 4500
001 - CONTROL NUMBER
control field 19411
003 - CONTROL NUMBER IDENTIFIER
control field GE_BSU
008 - FIXED-LENGTH DATA ELEMENTS--GENERAL INFORMATION
fixed length control field 181216s||||||||xx |||||||||||||| ||und||
040 ## - CATALOGING SOURCE
Transcribing agency GE_BSU
080 ## - UNIVERSAL DECIMAL CLASSIFICATION NUMBER
Universal Decimal Classification number 81'(063)
245 ## - TITLE STATEMENT
Title იბერიულ-კავკასიური ენათმეცნიერება XV иберийско-кавказкое языкознание=IVERO-CAUCASIA
245 ## - TITLE STATEMENT
Remainder of title ეძღვნება შოთა რუსთაველის დაბადების 800 წლისთავს
245 ## - TITLE STATEMENT
Statement of responsibility, etc. რედ:ვ.ფანჩვიძე,მხატ:გ.ნადირაძე
260 ## - PUBLICATION, DISTRIBUTION, ETC.
Place of publication, distribution, etc. თბილისი
260 ## - PUBLICATION, DISTRIBUTION, ETC.
Name of publisher, distributor, etc. მეცნიერება
260 ## - PUBLICATION, DISTRIBUTION, ETC.
Date of publication, distribution, etc. 1966
300 ## - PHYSICAL DESCRIPTION
Extent 375გვ;26სმ.
653 ## - INDEX TERM--UNCONTROLLED
Uncontrolled term ტომში დაბეჭდილია წერილები,რომლებიც ეხება თანამედროვე ზოგადი ენეთმეცნიერების აქტუალურ პრობლემებს.ქართველური და მთის იბერიულ-კავკასიური ენების ფონეტიკის,მორფოლოგიის,სინტაქსის და ლექსიკის აგრეთვე ამ ენათა ისტორიულ-შედარებითი შესწავლის უმნიშვნელოვანეს საკითხებს.
653 ## - INDEX TERM--UNCONTROLLED
Uncontrolled term ქართული ენა
942 ## - ADDED ENTRY ELEMENTS (KOHA)
Koha item type წიგნი
ეგზემპლარები
Withdrawn status Lost status Damaged status Not for loan Date acquired Barcode Date last seen Price effective from Koha item type
        2018-12-17 48298-10ლ. 2018-12-17 2018-12-17 წიგნი
        2018-12-17 48299-4ლ.54თ. 2018-12-17 2018-12-17 წიგნი